JPLT N5 Kanji 68-100 - Statistiques

Statistiques générales
  • Ce quiz a été pris 36 fois
  • Le résultat moyen est 24 sur 33
Statistiques - réponses
Hint Réponse % Correct
4
93%
3
90%
5
90%
7
90%
Femme
90%
Quoi
90%
6
86%
Bouche
86%
Feu
86%
Or, Argent (monnaie)
86%
Voir
86%
Temps, Heure
83%
Voiture
83%
Yen, Cercle
83%
Maintenant
79%
西 Ouest
79%
en Dessous
76%
Maison
76%
œil
72%
Parler
72%
Homme
69%
Nom
69%
Électricité
66%
Étude
62%
Gare
62%
Noir
59%
Rencontrer
59%
Long, Chef
48%
1000
45%
Chemin
45%
Rentrer
45%
Intervalle
41%
Jour de la semaine
38%
Aucun quiz correspondant
Distribution des résultats
% des personnes avec chaque résultat
Percentile par nombre de réponses
Votre historique - résultats
Vous n’avez pas pris ce quiz